Airlines of London Heathrow (LHR) 2025 - Statistics

General Stats
  • This quiz has been taken 1,239 times
    574 since last reset
  • The average score is 52 of 77
Answer Stats
Answer % Correct
Air China
94%
American Airlines
94%
Air France
93%
Emirates
93%
British Airways
92%
Delta Air Lines
92%
China Airlines
91%
KLM
91%
Lufthansa
91%
Air India
90%
United Airlines
90%
Qantas
89%
Singapore Airlines
88%
Aer Lingus
87%
Air Canada
87%
Iberia
86%
Japan Airlines
85%
Qatar Airways
85%
Scandinavian Airlines
85%
Etihad Airways
82%
Swiss International Airlines
82%
Egyptair
81%
LATAM Brasil
81%
China Eastern Airlines
80%
Korean Air
80%
Turkish Airlines
80%
China Southern Airlines
79%
Malaysia Airlines
78%
Thai Airways International
77%
Brussels Airlines
76%
Finnair
76%
Virgin Atlantic
75%
AeroMexico
74%
Austrian Airlines
74%
Ethiopian Airlines
74%
Royal Air Maroc
72%
Saudia
72%
Aegean Airlines
71%
All Nippon Airways
71%
JetBlue
71%
TAP Air Portugal
71%
Cathay Pacific
69%
Royal Jordanian
69%
El Al
68%
Kenya Airways
66%
Vietnam Airlines
66%
Icelandair
65%
Oman Air
65%
Avianca
64%
Kuwait Airways
62%
WestJet
62%
Air Serbia
61%
LOT Polish Airlines
61%
EVA Air
60%
Croatia Airlines
59%
Vueling
59%
Eurowings
57%
Asiana Airlines
55%
Gulf Air
52%
Loganair
49%
Tunisair
49%
Air Algerie
48%
Azerbaijan Airlines
48%
Uzbekistan Airways
48%
Biman Bangladesh Airlines
47%
Royal Brunei Airlines
47%
Hainan Airlines
46%
Air Astana
44%
Bulgaria Air
44%
SriLankan Airlines
42%
Middle East Airlines
41%
TAROM
41%
KM Malta Airlines
40%
Shenzhen Airlines
33%
RwandAir
32%
Beijing Capital Airlines
28%
Tianjin Airlines
22%
No matching quizzes found
Score Distribution
Percent of People with Each Score
Percentile by Number Answered
Your Score History
You have not taken this quiz since the last reset